00766nam a2200193 a 450000100100000000500170001000800410002704000250006804100080009310000370010124501140013826000310025230000170028370000300030004900090033095201080033995201080044799900170055500003369720200930070441.0110906s1890 dr 000 0 spa d aDO-SdBNPBspacBNPHU17aeng1 aTarducci, Francescod184295914910aThe life of Christopher Columbus /cby Francesco Tarducci ; translated from the italian by Henry F. Brownson. aDetroit:aBrownson,c1890. av. ;c24 cm.1 aBrownson, Henry F.959150 aBNPD 001050718RVaPDbPDcCTd2011-09-06iLF1l0ov. 2p33697-10r2020-06-25w2020-06-25y1ZNo se presta 001050718RVaPDbPDcCTd2011-09-06iLF1l0ov. 1p33697-20r2020-06-25w2020-06-25y1ZNo se presta c33188d33188